| 000 | 00760nam a2200265Ia 4500 | ||
|---|---|---|---|
| 001 | Para_1926 | ||
| 003 | CHAP | ||
| 008 | 220125s1966 xx 000 0 und d | ||
| 010 | _a200533 | ||
| 040 | _cCHAP | ||
| 082 | _aPA 595.76 R5 | ||
| 100 |
_aRitcher, Paul O. _9165391 |
||
| 245 |
_aWhite grubs and their allies : _b a study of North American scarabaeoid larve / _c by Paul O. Ritcher |
||
| 260 |
_aCorvallis, Oregon : _b Oregon State University Press |
||
| 300 | _a219 p. | ||
| 440 |
_aStudies in entomology; 4 _9165392 |
||
| 650 |
_aEscarabajos _937465 |
||
| 901 | _aPA 595.76 R5 | ||
| 902 | _aA | ||
| 905 | _a0000001966 a 0000000000 00 | ||
| 910 | _a1966 | ||
| 942 | _cPARA | ||
| 942 |
_cPARA _d1 |
||
| 999 |
_c200533 _d200533 |
||